00978 2200313 4500001002100000005001500021035002000036007000300056008004100059020002200100040002200122082001400144084001600158090002200174100004700196245006000243250003100303300006700334850001200401504003400413651004000447264003600487336002100523337003000544338002300574999002200597990002300619990002200642INLIS00000000085971120210510083719 a0010-0521000292ta210505t2019 yoia g ind d a978-623-209-747-6 aYOPDYOGbinderda04223a959.8 a959.8 TRI r aCB-D.11 2019-39401 aTri Wijaya N. Kususma, L.,d1987-epenulis10aRuang opini publik /cpenulis, L. Tri Wijaya N. Kususma aCetakan pertama, Juni 2019 aviii, 114 halaman :bilustrasi, gambar, tabel, grafik ;c20 cm aYOPDYOG aBibliografi : halaman 105-106 4aIndonesia--xKeadaan sosial ekonomi31aYogyakarta :bDeepublish,c2019 2rdacontentateks 2rdamediaatanpa perantara 2rdacarrieravolume aCB-D.11/2019-3940 aCB-D.11/20219-3940 aCB-D.11/2019-3940